Statistics for Cruiserweight Champions WWE/WCW

Click here to take the quiz!

General Stats

  • This quiz has been taken 111 times
    (72 since last reset)
  • The average score is 55 of 88

Answer Stats

Hint Answer % Correct
1996Rey Mysterio
96%
2000Chavo Guerrero
92%
1997Eddie Guerrero
90%
2003Matt Hardy
81%
2017Neville
77%
1998Billy Kidman
77%
2016T.J. Perkins
73%
2006Gregory Helms
73%
2017Enzo Amore
73%
1996Dean Malenko
73%
2002The Hurricane
73%
1997Chris Jericho
73%
2016Rich Swann
73%
2016Brian Kendrick
73%
2002Jamie Noble
71%
2017Kalisto
69%
2007Hornswoggle
69%
2002Tajiri
69%
2004Chavo Classic
67%
2005Paul London
63%
1998Juventud Guerrera
63%
1996Ultimo Dragon
60%
2005Kid Kash
58%
2017Akira Tozawa
58%
2004Spike Dudley
56%
2004Funaki
54%
2000Lieutenant Loco
54%
1997Syxx
54%
2001X-Pac
54%
2005Nunzio
52%
2001Shane Helms
52%
1991Brian Pillman
46%
2004Jacqueline
44%
1991Jushin Liger
40%
2000Lance Storm
38%
1997Alex Wright
35%
1999Psychosis
33%
1999Madusa
33%
2000The Artist
31%
2000Oklahoma
29%
1992Scotty Flamingo
29%
2000Chris Candido
25%
2000Elix Skipper
25%
1999Disco Infero
25%
1999Lenny Lane
25%
1999Evan Karagias
23%
1992Brad Armstrong
23%
2000Mike Sanders
23%
2000Crowbar and Daffney
19%
2000Daffney
19%
1996Shinjiro Otani
19%

Score Distribution

Percentile by Number Answered

Percent of People with Each Score

Your Score History

You have not taken this quiz since the last reset